[Event "HCL-B3816"]
[Site "www.playchess.de"]
[Date "2006.02.16"]
[Round "2"]
[White "REIS"]
[Black "Prasad_lko"]
[WhiteElo "1276"]
[BlackElo "1200"]
[PlyCount "54"]
[Result "0-1"]

1.Nf3 d5 2.g3 Nc6 3.Bg2 e5 4.O-O Nf6 5.Re1 e4 
6.Ng5 h6 7.Nh3 Bc5 8.e3 Bg4 9.Re2 Bxe2 10.Qxe2 O-O 
11.b3 d4 12.d3 exd3 13.cxd3 Qd7 14.e4 Rfe8 15.Nd2 
Qe7 16.a3 Nd5 17.Qf3 Nc3 18.Kh1 b5 19.b4 Bd6 
20.Bb2 a5 21.Ng1 axb4 22.axb4 Rxa1 23.Bxa1 Bxb4 
24.Nb3 Ne5 25.Qf5 Nxd3 26.Nxd4 Qc5 27.Qxc5 
Nxf2+ 0-1

[Event "HCL-B3860"]
[Site "www.playchess.de"]
[Date "2006.02.16"]
[Round "7"]
[White "GMO"]
[Black "evets"]
[WhiteElo "1329"]
[BlackElo "1392"]
[PlyCount "84"]
[Result "0-1"]

1.d4 d5 2.Nf3 Nf6 3.h3 Bf5 4.e3 e6 5.Bd3 Bxd3 
6.Qxd3 c5 7.Qb5+ Qd7 8.Nc3 c4 9.Ne5 Qxb5 10.Nxb5 
Na6 11.O-O Ne4 12.Nc6 bxc6 13.f3 Nd6 14.Nxd6+ Bxd6 
15.Bd2 Rb8 16.Rab1 O-O 17.Rfe1 Bg3 18.Re2 c5 19.c3 
cxd4 20.exd4 Nc7 21.b4 cxb3 22.axb3 a5 23.b4 axb4 
24.cxb4 Rb5 25.Ra1 Bd6 26.Rb1 Rfb8 27.Bc3 Bxb4 
28.Bxb4 R5xb4 29.Rxb4 Rxb4 30.Rc2 Ne8 31.Rd2 h5 
32.Kf2 Nd6 33.g4 hxg4 34.hxg4 Nb5 35.Ke3 Kh7 
36.Rd3 Kg6 37.Rd1 Rb3+ 38.Kf2 Kg5 39.Ke2 Kf4 
40.Rd3 Rxd3 41.Kxd3 Kxf3 42.g5 g6 {Good game 
little buddy!}  0-1

[Event "HCL-M854"]
[Site "www.playchess.de"]
[Date "2006.02.16"]
[Round "19"]
[White "AronVug"]
[Black "Harijs"]
[WhiteElo "2005"]
[BlackElo "1840"]
[PlyCount "123"]
[Result "1/2-1/2"]

1.e4 {Hello! Nice to meet you. Good game.}  e5 
{Hello from Latvia! Good game.}  2.f4 exf4 3.Nf3 
Nf6 4.e5 Nh5 5.d4 Bb4+ 6.c3 Be7 7.Be2 O-O 8.O-O d5 
9.Ne1 g6 10.Bxh5 gxh5 11.Qxh5 Qd7 12.Rxf4 f6 
13.Rf3 Qe8 14.Qh6 Kh8 15.Bf4 Nc6 16.Rg3 Qf7 17.Nd3 
Bf5 18.Na3 Bxd3 19.Rxd3 Bxa3 20.bxa3 fxe5 21.Bg3 
e4 22.Re3 Rae8 {Merry Christmas!}  23.Qg5 Rfg8 
24.Qh4 Ref8 25.Ree1 Qg6 26.Rab1 b6 27.Ref1 e3 
28.Rxf8 Rxf8 29.Re1 {Happy New Year!}  Qf5 30.Qh6 
e2 31.h3 Rf6 {(offering draw)}  32.Qd2 Qf1+ 33.Kh2 
Re6 34.Qd3 Qf7 35.c4 dxc4 36.Qxc4 b5 37.Qd3 Qe7 
38.d5 Re3 39.Qxb5 Ne5 40.Qb8+ Kg7 41.Qxa7 Rxg3 
{(offering draw)}  42.Kxg3 Qg5+ 43.Kf2 Qf4+ 
44.Kxe2 Qc4+ 45.Kf2 Nd3+ 46.Kf1 Qf4+ 47.Ke2 Qe4+ 
48.Kd2 Nxe1 49.Qxc7+ Kf8 50.d6 Nxg2 51.d7 Qd4+ 
52.Ke2 Qb2+ 53.Kf3 Ne1+ 54.Ke4 Qe2+ 55.Kd5 Qxa2+ 
56.Kc6 Qc4+ 57.Kb7 Qb5+ 58.Kc8 Qa6+ 59.Kb8 Qb5+ 
60.Qb7 Qe5+ 61.Kc8 Qf5 62.Qb4+ {(offering draw)} 
 1/2-1/2

[Event "HCL-C4066"]
[Site "www.playchess.de"]
[Date "2006.02.16"]
[Round "1"]
[White "nico21"]
[Black "daveboy6968"]
[WhiteElo "1472"]
[BlackElo "1008"]
[PlyCount "101"]
[Result "1-0"]

1.e4 e5 {hi good luck + happy new year ;-)}  2.Nf3 
d6 3.Nc3 Bg4 4.h3 Be6 5.d4 f6 6.d5 Bd7 7.Bb5 c6 
8.dxc6 Nxc6 9.O-O a6 10.Bc4 Nge7 11.Re1 g6 12.Nd5 
Nxd5 13.Qxd5 Qe7 14.Be3 Rb8 15.a3 Be6 16.Qxe6 b5 
17.Qxe7+ Bxe7 18.Bd5 Rc8 19.c3 h6 20.Rec1 h5 21.a4 
bxa4 22.Rxa4 a5 23.Bxc6+ Rxc6 24.Rxa5 O-O 25.Rca1 
Rcc8 {(offering draw)}  26.Nh4 Kh7 27.R5a7 Rfe8 
28.R1a6 Rcd8 29.Rb6 g5 30.Nf3 Kg6 31.Rbb7 g4 
32.Nh4+ Kf7 33.Nf5 Ke6 34.Ng7+ Kf7 35.Nxe8 Rxe8 
36.b4 gxh3 37.g3 Ke6 38.Kh2 Bf8 39.Rb6 Rc8 40.Bd2 
Rc4 41.Rbb7 Rxe4 42.Rbf7 Re2 43.Be3 Rc2 44.Rxf8 
Rxc3 45.b5 Rxe3 46.fxe3 Kf5 47.b6 Ke6 48.b7 e4 
49.b8Q Kd5 50.Qb5+ Ke6 51.Re8+ 1-0

[Event "HCL-B3868"]
[Site "www.playchess.de"]
[Date "2006.02.16"]
[Round "15"]
[White "nico21"]
[Black "Rochade_III"]
[WhiteElo "1510"]
[BlackElo "964"]
[PlyCount "55"]
[Result "1-0"]

1.e4 e5 2.Nf3 Nc6 3.Bb5 d6 4.O-O Nf6 5.Re1 Bg4 
6.h3 Bxf3 7.Qxf3 h5 8.Nc3 a6 9.Ba4 b5 10.Bb3 Nd4 
11.Qd1 c5 12.a4 Qa5 13.d3 Rc8 14.Be3 c4 15.axb5 
Qxa1 16.Qxa1 cxb3 17.Bxd4 exd4 18.Qxa6 Rd8 19.e5 
dxe5 20.Rxe5+ Be7 21.Qc6+ Nd7 22.Nd5 bxc2 23.Rxe7+ 
Kf8 24.Qxc2 Nf6 25.Qc7 Rxd5 26.Rxf7+ Kg8 27.Rxg7+ 
Kf8 28.Qf7+ 1-0

[Event "HCL-B3774"]
[Site "www.playchess.de"]
[Date "2006.02.16"]
[Round "16"]
[White "GMO"]
[Black "Wilmy"]
[WhiteElo "1312"]
[BlackElo "1217"]
[PlyCount "94"]
[Result "1/2-1/2"]

1.e4 e5 2.Bc4 Nf6 3.d3 Bc5 4.h3 d5 5.exd5 Nxd5 
6.Qf3 Be6 7.Qe2 Nf4 8.Bxf4 exf4 9.Bxe6 fxe6 
10.Qxe6+ Qe7 11.Qxe7+ Bxe7 12.Nd2 Nc6 13.O-O-O 
O-O-O 14.Ne2 g5 15.Kb1 Bf6 16.Ne4 Be7 17.a3 h6 
{draw / remis ?}  18.f3 Nd4 19.Nxd4 Rxd4 20.c3 Ra4 
21.Ka2 Rd8 22.d4 Rd5 23.Rhe1 c6 24.Kb3 Raa5 25.c4 
Rd7 26.Nc3 Bf6 27.Re4 Re7 28.Rxe7 Bxe7 29.d5 cxd5 
30.Nxd5 Bc5 31.Re1 b5 32.cxb5 Rxb5+ 33.Ka2 Bd4 
34.Nb4 a5 35.Nd3 Rb6 36.Re8+ Kd7 37.Re4 Bf6 38.Ra4 
Rb5 39.b4 axb4 40.Rxb4 Rxb4 41.axb4 Kc6 42.Kb3 Kb5 
43.Nf2 Be7 44.Nd3 Bd6 45.Kc3 Bf8 46.Kb3 Bd6 47.Kc3 
Be7 {(offering draw)}  1/2-1/2

[Event "HCL-C3733"]
[Site "www.playchess.de"]
[Date "2006.02.16"]
[Round "2"]
[White "Knighthood"]
[Black "mcmlxiv"]
[WhiteElo "1022"]
[BlackElo "800"]
[PlyCount "121"]
[Result "1/2-1/2"]

1.e4 e5 {Arriba muchacho!}  2.Nf3 {¿Donde vives? 
¿Porque te llamas así?}  d6 {Vivo no Brasil. Meu 
nome é Gerson.}  3.Nc3 {¿speak english? ¿español?} 
 Nf6 {Só sei falar português.}  4.Bc4 {¿Conoces 
México?}  h6 {Non...}  5.O-O {where are u from?}  
a6 {I from Brazil.}  6.d4 {are u Jewish?}  Nbd7 {I 
am not Jewish. If it went it would not be sad 
because it would be like this part of the people 
that God chose there is almost ten thousand years 
ago! Are you anti-Semitic? Are you Nazi? Do you 
know sanguinary Adolf Hitler?}  7.b4 {no, I love 
the God of Abraham and Isaac and Jacob...}  b5 {My 
desire is that Abraão's God continues you helping. 
Are you Mexican and does he/she know English?}  
8.Bb3 {I (male) speak english a little...}  Be7 
9.d5 O-O {Portuguese}  10.Ne2 Nxe4 11.Qd3 Ndf6 
12.c4 Bf5 13.Qe3 Ng4 14.Qd3 Qd7 15.h3 Ngf6 16.Qe3 
Bxh3 17.Nh4 Bf5 18.Bc2 Ng4 19.Qf3 Bxh4 20.Bxe4 
Bxe4 21.Qxe4 f5 22.Qf3 e4 23.Qf4 Bg5 24.Qg3 Bxc1 
25.Raxc1 Rae8 26.c5 dxc5 27.Rxc5 Qd6 28.Nf4 g5 
29.Ne6 Qxg3 30.fxg3 Rf7 31.Nxc7 Rd8 32.Rc6 Ne3 
33.Re1 Nxd5 34.Nxa6 Rf6 35.Rxf6 Nxf6 36.Nc7 Rd2 
37.a3 Ng4 38.Nxb5 e3 39.Nc3 Rd3 40.Nb1 f4 41.gxf4 
gxf4 42.b5 Rb3 43.a4 Ne5 44.Re2 Rxb1+ 45.Kh2 Ra1 
46.g3 f3 47.Rxe3 Ng4+ 48.Kh3 h5 49.Rxf3 Rxa4 
50.Rf5 Ra2 51.Rxh5 Nf2+ 52.Kh4 Ra4+ 53.Kg5 Ne4+ 
54.Kh6 Nxg3 55.Rg5+ Kf7 56.Rxg3 Rb4 57.Rg5 Rh4+ 
{Empatamos, meu amigo! Draw...}  58.Rh5 Rxh5+ 
59.Kxh5 Ke7 {Draw, por favor...}  60.b6 Kd7 61.b7 
{(offering draw)}  1/2-1/2

[Event "HCL-E1531"]
[Site "www.playchess.de"]
[Date "2006.02.16"]
[Round "5"]
[White "jabbaman"]
[Black "cubs"]
[WhiteElo "1514"]
[BlackElo "1741"]
[PlyCount "114"]
[Result "0-1"]

1.e4 {good day and good game!}  e5 {Any day I wake 
up is a good one!  Happy 2006!}  2.Nf3 {I agree - 
in principle}  Nc6 3.Bc4 Bc5 4.O-O {... just for 
fun ...}  d6 {for me, they're ALL for fun!}  5.d4 
{I agree}  exd4 6.Ng5 Nh6 7.Nf3 Ng4 8.h3 Nge5 
9.Bb5 {strange game ...}  O-O 10.Bf4 Qf6 11.Bxe5 
Nxe5 12.Nbd2 Be6 13.Bd3 Rfe8 14.Nh2 d5 15.f4 Nxd3 
16.cxd3 Rad8 17.e5 Qg6 18.Ndf3 Qg3 19.Ng5 Qh4 
20.Rf3 Qh6 21.g4 f6 22.Nxe6 Rxe6 23.g5 {oh well - 
it was a good game :(}  Qg6 {Isn't it still?}  
24.exf6 {A madman's assembly of useless 
organization}  gxf6 {I couldn't agree more!  And 
we are its  parents...}  25.Rg3 {true true true}  
Re3 {Look:  let's just tell everyone we have 
nothing to do with this game.  It was just a sort 
of disjointed analysis.}  26.Qg4 {maybe we can 
blame it on the weather - this is the worst 
tournament I've had in months - nothing went 
right!}  h5 {Sounds like a plan.  For about two 
months, I have no idea what I'm doing.  This 
explanation is better than my usual one, 
senility.}  27.Qh4 {no room left to wiggle now}  
Rxg3+ {We play with our Queens just alike - 
poorly.}  28.Qxg3 {queens and kings and games gone 
bye bye .... like this one is for me!}  fxg5 {Not 
so clear.  And keep in mind my unlimited ability 
to hang rooks and the like.  You can trust me on 
this...}  29.Qxg5 {all righty then - to the death 
my american friend! :} {:}  Qxg5+ {Why, we will 
redo the War of 1812 all over again!  But it will 
be harder since so many warriors have 
disappeared.}  30.fxg5 {... so true ... and 
burning down the White House won't be much fun 
without them!}  Re8 {They will be looking on from 
Paradise, near pools of cool water and with a 
houri on each knee.  Meantime, we will have to do 
our Capablanca-Rubenstein imitation.}  31.Rf1 
{what about our Duncan Suttles imitation?}  Re3 
{Outstanding!  One of my heros.  After playing 
Suttles once, Lobardy said he understood what they 
were trying to do moving them forward, but not 
backward.  Suttles shows us that in the absence of 
a quick win, the initiative is an illusion.}  
32.Rf3 Bd6 33.Rxe3 {Duncan was a good friend of 
mine - when Peter Biyiasas, Jon Berry and the 
likes of - can't think of their names - we all 
hung around Vancouver, BC in the early 70's -what 
a time it was! Very good move by the way}  dxe3 
{Mr. B. did the the great favor of showing me just 
how stupid I was and just why.  "Stop showing me 
variations.  Look at the position for once."  But 
that's what we typical Yankee junkmen are.  
Suttles, of course, was a Yank!  I loved his games 
and I still}  34.Nf3 {Peter was a good friend - I 
was quite young at the time - Bruce Harper, 
Yasser, Donaldson ... we all had such great 
dreams. Where is Peter now?}  c5 {I don't know.  
He was in big trouble with his eyes - his retinas 
were degenerating and I know he had an operation 
years ago.  Maybe we should Google him!}  35.Kg2 
{it would be nice to know - I did a little 
googling - but ran out of spare time - Peter & Jon 
Berry once slept in a tent in my back yard. My dad 
was a heavy driver and a pingpong expert. Peter 
thought he was an expert too. My dad had a drink 
in one hand mo}  b5 {Heros of our mis-spent youth! 
 Suttles was just wonderful, in speech in looks 
and in play.  He showed how little, really, the 
initiative means in "Suttles" positions, and was 
one of few with new ideas.  I considered him a 
sort of Paulsen or Potter.}  36.b3 {or a madman 
... his wife was/is crazy}  Kf7 {Why, you sound 
like a man who never had a wife.  Trust me:  
they're ALL crazy; the only variation is in 
classification.}  37.d4 {nope - not one, but four! 
hehe!}  Kg6 {Oh, happy man!  Two for me, and both 
as crazy as shithouse rats.  Never, ever again.  
Not me, not now...}  38.h4 {still married to #4! 6 
kids, 5 grand kids! Life is very good - GOD has 
truly blessed me!}  Kf5 {Good for you!  Does she 
have a sister?}  39.Kh3 {Oh ya - and very pretty 
and very nice - in her early 40's maybe late 30's} 
 Ke4 {Make up the bed in the basement.  I have to 
buy some flowers, and I'll see you right after 
dinner...  can I bring the dog?}  40.g6 {the dog 
is a must - where do you live?}  Bf8 {Oh, not so 
far away.  Rochester, New York, across the pond 
from Toronto and Kingston.  I'll be hitching - 
hope the dog behaves.}  41.Kg2 {Age and credit 
rating please? How many homes do you own? 
Available cash?}  cxd4 {63; D-; .44; $6.29 US.}  
42.Ng5+ {I really blew that didn't I - should have 
d4xc5! at least you have american money - $6.29 - 
that's like $200K canadian I think}  Kf5 {No - 
Canadian went up.  It's only $185.51.  Personally, 
I'd get into Chinese money if I could.  I'm happy 
I won't live long enough to see them rule the 
world.  We play BAAAAAAAAAAD... don't we!}  43.Kf3 
{my nightmare contiues - no rewind button and I 
think this is over. You don't think the Chinese 
rule the world?? Wake up bubba - they own it! ONE 
MORE MOVE - THAT'S IT!}  Kxg6 {is...this...the...move? 
 Ever try to buy any industrial product that isn't 
Chinese?  Do they still make anything in Canada 
except trees and grain?  We're largely shut down 
here, and this year the Chinese-branded cars 
arrive.  I'm so glad...}  44.Ne6 {Chinese-branded 
cars? What did we do to our selves? We still have 
coal and now gas and oil for 1000 years - just no 
cars worth putting it in to!}  Bg7 {What!? An 
environmentally concious BCer like you doesn't 
WANT a Duk Dong Deluxe?  What we did was let them 
make every damned thing in every damned store.  
Not a good plan, really.  Now the folks who made 
cars can work at Tim Horton's.}  45.Nc7 {Ah yes TH 
- great doughnuts - no future! That seems to be 
the American way. BTW - I live in Los Angeles.}  
b4 {Somehow I thought you lived in BC!  I guess 
Suttles fooled me!  Here I was thinking of you 
drinking Moosehead and listening to "As It 
Happens" and "The Royal Canadian Air Farce."  And 
- your flag, too.  Well, LA.  Oh my, oh my...}  
46.Nxd5 {I lived in Victoria till 6 years ago - I 
love Royal Canadian Air Farce and hate my 
government - don't drink and love GOD and know HIM 
well.}  Bf6 {Which government?  Both of them, I 
hope.  The older I get the closer to a firm belief 
in arnarchy I get!  I drank a lot, until 35 years 
ago... God took it off my hands and I never missed 
it.}  47.Nxb4 {nope - just the canadian - such 
crooks! I never drank - really - a severe pot head 
though. GOD  set me free and I love HIM more 
everyday because it ... and other things as well.} 
 Bxh4 {My policy is when I can't handle it I refer 
it upstairs, and this has worked pretty well for 
me for a long time now.  Well, I hate them both!}  
48.Nc6 {Me too!}  Bf6 {You know, you don't really 
need to take back ALL the pawns.  You could leave 
me with an extra one or two.  After all, as an 
unrecognized genius, I earned them, didn't I?}  
49.Nxa7 {I guess pawns are important? The ones you 
have are about to go Queen on you and I will have 
the pleasure of watching - where does a night go 
in the day?}  Bg5 {Or maybe not.  My, how well we 
play!  I hope no one has been watching this.  Easy 
question - the night goes out and has a good time 
in Manila or Bombay in the day.  There were pix of 
it on "The Smoking Gun."}  50.Nc6 {The Smoking 
Gun?}  Bf6 {www.smokinggun.com, I think...}  
51.Nb4 {I'll have a look}  Kf5 {Indeed!  Where do 
you live in LA?}  52.Nd3 {Reseda - land of the 
reasonable rent and houses no one can afford to 
buy! This game gets stranger with every move! The 
race of the rook pawns ...}  h4 {Forgive me for 
saying it, but I like LA and NOT SFO.  Of course 
the end times are coming to both places soon:  no 
water, demented government, too damn many people, 
many of whom can't read the LA Times.  LA County's 
GDP is slightly less than Russia!}  53.b4 {I love 
LA for woeking - but Canada will always be my 
home}  h3 {Stupid me, I turned down a chance to 
move there and become a citizen - of both places, 
or pick one!  Canada's made a lot of right 
decisions.}  54.a4 {Ya, and you can still drink 
the water from the tap!}  h2 {You can here in the 
east, too.  We use our own and don't have to steal 
anyone's - unlike most of California!}  55.Kg2 e2 
56.a5 Ke4 57.Ne1 {sorry for being so quiet - work 
is piling up and I'm beat - this will be over 
soon. This will be over soon - actually it's over 
now ... haha and maybe we can play a challenge 
game? Do you have a camera?}  d3 {I have lots of 
cameras - used to sell/lightly repair them and do 
business at shows!  Yes, I think my essential 
brillinace may have a good result here soon - I 
saw this at move 5, of course.  Sure!  Challange 
away!  And don't let work interfere with your l} 
 0-1

[Event "HCL-E1561"]
[Site "www.playchess.de"]
[Date "2006.02.16"]
[Round "5"]
[White "mrchess"]
[Black "scylla"]
[WhiteElo "1418"]
[BlackElo "1523"]
[PlyCount "42"]
[Result "0-1"]

1.d4 {good luck}  Nf6 2.c4 g6 3.Nc3 Bg7 4.Bg5 O-O 
5.e3 d6 6.Bd3 Nbd7 7.Nf3 c5 8.Ne4 cxd4 9.Nxd4 Nxe4 
10.Bxe4 Ne5 11.O-O Nxc4 12.Qc2 Ne5 13.Nb5 Bd7 
14.Qc7 Bxb5 15.Qxd8 Rfxd8 16.Bxe7 Rd7 17.Bxd6 Rxd6 
18.Bxb7 Rb8 19.Rfc1 Nc4 20.a4 Rxb7 21.axb5 
Bxb2 0-1

[Event "HCL-B3868"]
[Site "www.playchess.de"]
[Date "2006.02.16"]
[Round "10"]
[White "seisan"]
[Black "nico21"]
[WhiteElo "1392"]
[BlackElo "1510"]
[PlyCount "118"]
[Result "1/2-1/2"]

1.d4 {hello}  Nf6 {Hello}  2.c4 {hello}  e6 3.Nf3 
b6 4.a3 Ba6 5.e3 Bb7 6.Nc3 d5 7.cxd5 Nxd5 8.Bd3 
Nxc3 9.bxc3 Bd6 10.e4 O-O 11.e5 Be7 12.h3 c5 
13.O-O Qc7 14.Nh2 Qc6 15.Qf3 Qxf3 16.Nxf3 Nd7 
17.a4 Rfd8 18.Ba3 Rac8 19.Bb5 h6 20.Rfe1 f6 
21.exf6 Bxf6 22.Bxd7 Rxd7 23.Rxe6 Bxf3 24.gxf3 
cxd4 25.cxd4 Bxd4 26.Rae1 Rc3 27.Bb2 Rxf3 28.Bxd4 
Rxd4 29.Kg2 Rf8 30.a5 bxa5 31.Ra6 Rd2 32.Rxa5 
Rdxf2+ 33.Kg1 R2f3 34.Rxa7 R3f7 35.Rxf7 {(offering 
draw)}  Rxf7 36.Kg2 Kh7 37.Kg3 g5 38.Re6 Kg7 39.h4 
Rf6 40.Re7+ Kg6 41.hxg5 hxg5 42.Ra7 Kh5 43.Rh7+ 
Kg6 44.Ra7 Rb6 45.Ra8 Kh5 46.Rh8+ Kg6 47.Rg8+ Kf5 
48.Rf8+ Rf6 49.Rxf6+ {(offering draw)}  Kxf6 
50.Kg4 {(offering draw)}  Kg6 51.Kg3 {(offering 
draw)}  Kf5 {I do not accept the draw, because I 
will go with the pawn for the Queen.}  52.Kf3 
{cant queen this pawn}  g4+ {I will show you}  
53.Kg3 {im waiting}  Kg5 54.Kg2 {go on}  Kf4 
55.Kf2 g3+ 56.Kg2 Kg4 57.Kg1 Kf3 {It is surprice 
for me, but you have a true}  58.Kf1 {basic 
endgame technique.read a book on endgames first.}  
g2+ 59.Kg1 Kg3 1/2-1/2

[Event "HCL-A2586"]
[Site "www.playchess.de"]
[Date "2006.02.16"]
[Round "26"]
[White "MimiSiku"]
[Black "RUDI"]
[WhiteElo "1457"]
[BlackElo "1258"]
[PlyCount "89"]
[Result "1-0"]

1.e4 {Servus aus Würzburg. Hoffen wir auf eine 
nette Partie!}  e5 {Grüße Dich aus 
München-Neuried, ich versuche es für beide 
spannend zu machen und der A-League gerecht zu 
werden.}  2.Nf3 {Ist locker hier im Gegensatz zu 
den höheren Klassen! Bist gerade erst 
aufgestiegen, was?}  Nc6 {ja, scheint auch nur 
eine Frage der Zeit zu sein.}  3.d4 {Bei mir geht 
es auch immer hin und her...}  exd4 4.Nxd4 Nxd4 
5.Qxd4 d6 6.Nc3 Be6 7.Bd3 Nf6 8.O-O Be7 9.e5 dxe5 
10.Qxe5 Bd6 11.Qb5+ Qd7 12.Qxb7 O-O 13.Qb5 Qc8 
14.b3 Ng4 15.h3 Ne5 16.Be4 c6 17.Qe2 Ng6 18.Bb2 
Nf4 19.Qf3 Kh8 20.Bxc6 Rb8 21.Be4 Rb6 22.Na4 Rb4 
23.c4 Ng6 24.Bxg6 fxg6 25.Qd3 Rd8 26.Qc3 Rb7 
27.Rad1 Qc6 28.c5 Bh2+ 29.Kxh2 {Jetzt bin ich ja 
mal gespannt!}  Qc7+ {auf?}  30.Kg1 {Naja, 
irgendwie soll sich Dein Opfer ja auszahlen, 
oder!?}  Rbb8 {Flucht nach vorn, Du hast mich in 
die Enge getrieben}  31.Qe5 {Das schaut aber eher 
nach 'ner "Flucht nach hinten" aus... ;-)}  Qf7 
32.Nc3 Bf5 33.Rd6 Rde8 34.Qd4 Re7 35.Rd1 Rbe8 
36.Rd8 h6 37.Nb5 Kh7 38.Rxe8 Qxe8 39.c6 Qxc6 
40.Nd6 Rd7 41.Qe5 Rc7 42.Nxf5 gxf5 43.Qxf5+ Qg6 
44.Qxg6+ Kxg6 45.g4 1-0

[Event "HCL-E1554"]
[Site "www.playchess.de"]
[Date "2006.02.16"]
[Round "8"]
[White "q77ro"]
[Black "chess50"]
[WhiteElo "1533"]
[BlackElo "2155"]
[PlyCount "58"]
[Result "0-1"]

1.d4 d5 2.c4 c6 3.c5 e5 4.e3 Bf5 5.Ne2 Nd7 6.Ng3 
Nh6 7.Be2 Be7 8.Nc3 O-O 9.O-O Bg6 10.f4 exf4 
11.exf4 Nf5 12.Nxf5 Bxf5 13.g4 Be4 14.Nxe4 dxe4 
15.Qc2 Nf6 16.g5 Qxd4+ 17.Kh1 Nd5 18.b3 Qxa1 
19.Bb2 Qxa2 20.Ra1 Qxa1+ 21.Bxa1 {(offering draw)} 
 Nxf4 22.Qxe4 Bxg5 23.h4 Rae8 24.Qf5 Bh6 25.Bxg7 
Bxg7 26.Bc4 Re1+ 27.Kh2 Be5 28.Kg3 Ne2+ 29.Kf2 
Rf1+ 0-1

[Event "HCL-E1569"]
[Site "www.playchess.de"]
[Date "2006.02.16"]
[Round "34"]
[White "chess50"]
[Black "carlosmadeira"]
[WhiteElo "2160"]
[BlackElo "1556"]
[PlyCount "55"]
[Result "1-0"]

1.e4 e5 2.f4 exf4 3.Nf3 h6 4.Bc4 d6 5.d4 g5 6.O-O 
Bg7 7.c3 Nc6 8.Qa4 Bd7 9.Qb3 Na5 10.Bxf7+ Kf8 
11.Qa3 Kxf7 12.Qxa5 c5 13.Qa3 b6 14.Nbd2 Qc7 15.b4 
c4 16.Qa6 b5 17.a4 bxa4 18.Nxc4 Bf8 19.Nfe5+ dxe5 
20.Nxe5+ Ke8 21.Qg6+ Ke7 22.Qf7+ Kd8 23.Qxf8+ Be8 
24.Ng6 Qxc3 25.Qd6+ Bd7 26.Nxh8 Qxa1 27.Bxf4 Qc3 
28.Bd2 1-0

[Event "HCL-B3862"]
[Site "www.playchess.de"]
[Date "2006.02.16"]
[Round "14"]
[White "knoppe"]
[Black "pytolo98"]
[WhiteElo "1251"]
[BlackElo "1218"]
[PlyCount "61"]
[Result "1-0"]

1.e4 e5 2.Nc3 Bc5 3.Bc4 d6 4.d3 Qf6 5.Qf3 Qxf3 
6.Nxf3 Bb4 7.Bd2 Nf6 8.a3 Bxc3 9.Bxc3 Bg4 10.O-O-O 
a6 11.h3 Bxf3 12.gxf3 Nbd7 13.Rhg1 g6 14.d4 O-O 
15.dxe5 dxe5 16.Rd2 b5 17.Bb3 c5 18.Rgd1 Ra7 
19.R2d6 Kg7 20.f4 Nxe4 21.R6xd7 Rxd7 22.Rxd7 Nxf2 
23.Bxe5+ Kg8 24.h4 Re8 25.Bxf7+ Kf8 26.Bxe8 Kxe8 
27.Rxh7 a5 28.h5 gxh5 29.Rxh5 Ke7 30.Bb8 Ne4 
31.Re5+ 1-0